Dynamical systems. Stability, symbolic dynamics, and chaos

Guardat en:
Dades bibliogràfiques
Autor principal: Robinson, Clark (Autor)
Format: Llibre
Idioma:anglès
Publicat: Boca Ratón, USA: CRC Press Taylor and Francis Group, 1999.
Edició:Second edition.
Col·lecció:Studies in Advanced Mathematics
Matèries:
Accés en línia:Disponible Online
Etiquetes: Afegir etiqueta
Sense etiquetes, Sigues el primer a etiquetar aquest registre!

MARC

LEADER 00000cam a2200000 a 4500
001 UCD3813
003 CL-VaPUC
005 20221122084726.0
008 160616e19990000us |||||||||||||||||eng|d
999 |c 364828  |d 364826 
020 |a 0849384958 
040 |c Pontificia Universidad Católica de Valparaíso 
082 0 4 |a 515.35 ROB 1999  |2 21 
100 0 |a Robinson, Clark  |e author  |9 587398 
245 1 0 |a Dynamical systems.  |b Stability, symbolic dynamics, and chaos 
250 |a Second edition. 
260 |a Boca Ratón, USA:  |b CRC Press Taylor and Francis Group,  |c 1999. 
300 |a 504 páginas. 
440 |a Studies in Advanced Mathematics  |9 860234 
583 |a last modification  |c 20160616 22:39:00  |k Rodrigo Vera 
650 0 |a Sistemas dinámicos   |9 260496 
650 0 |a Sistemas dinámicos diferenciales   |2 CL-VaPUC  |9 263372 
650 0 |a Estabilidad matemática   |2 CL-VaPUC  |9 426828 
856 |u http://bibliografiadigital.pucv.cl.pucv.idm.oclc.org/index.php/bibliotecapucv/catalog/book/240  |y Disponible Online  
942 |c BK  |2 ddc 
945 |d 20160616 22:39:00  |a arojas 
952 |0 0  |1 0  |3 erb  |4 0  |6 515_350000000000000_ROB_1999  |7 0  |8 A  |9 478419  |a BIBMAT  |b BIBMAT  |i 5293049  |l 11  |m 5  |o 515.35 ROB 1999  |p 5293049  |r 2025-01-07  |s 2024-03-12  |w 2019-11-24  |y BK  |z Catalogado en:20160616  |k MAT 
952 |0 0  |1 0  |2 ddc  |4 0  |6 515_350000000000000_ROB_1999  |7 0  |8 A  |9 587854  |a BIBMAT  |b BIBMAT  |c GEN  |d 2022-11-21  |e 74  |g 192229.00  |i 5655483  |l 8  |m 6  |o 515.35 ROB 1999  |p 5655483  |q 2025-05-30  |r 2025-03-31  |s 2025-03-31  |t 2  |v 192229.00  |w 2022-11-21  |y BK  |k MAT